LEADER 00977nam0-22002771i-450- 001 990001676120403321 005 20050927170725.0 035 $a000167612 035 $aFED01000167612 035 $a(Aleph)000167612FED01 035 $a000167612 100 $a20030910d1881----km-y0itay50------ba 101 0 $aita 200 1 $aDecreti portanti alcune aggiunte e modificazioni alla legge e regolamento sulla sanità pubblica - 13 maggio 1875 e 14 gennaio 1877 - n. 2499 e 3634$fItalia 210 $aTorino$cStamp. Gazzetta del Popolo$d1881 215 $a8 p.$d16 cm 610 0 $aSalute pubblica 676 $a352.4 710 01$aItalia$0423419 801 0$aIT$bUNINA$gRICA$2UNIMARC 901 $aBK 912 $a990001676120403321 952 $a60 340 C 152$b4358$fFAGBC 959 $aFAGBC 996 $aDecreti portanti alcune aggiunte e modificazioni alla legge e regolamento sulla sanità pubblica - 13 maggio 1875 e 14 gennaio 1877 - n. 2499 e 3634$9371137 997 $aUNINA LEADER 01296nam 22003973 450 001 9910794683803321 005 20210901203450.0 010 $a1-63840-916-1 035 $a(CKB)4100000011816935 035 $a(MiAaPQ)EBC6526560 035 $a(Au-PeEL)EBL6526560 035 $a(OCoLC)1244625609 035 $a(EXLCZ)994100000011816935 100 $a20210901d2021 uy 0 101 0 $aeng 135 $aurcnu|||||||| 181 $ctxt$2rdacontent 182 $cc$2rdamedia 183 $acr$2rdacarrier 200 10$aAmerica Recovered 205 $a1st ed. 210 1$aNew York City :$cActar D,$d2021. 210 4$d©2020. 215 $a1 online resource (218 pages) 311 $a1-945150-93-9 327 $aIntro -- Acknowledgements -- The Beauty of Public Things Foreword by Bonnie Honig -- From the Infrastructural Sublime to Not Interesting Enough -- Taking Stock: Chad Ress Photographs of The Recovery Act -- America Recovered -- Notes and Image Credits -- Contributor Biographies. 676 $a779.93309730932 700 $aRess$b Chad$01524192 701 $aCarver$b H. Jordan$01524193 801 0$bMiAaPQ 801 1$bMiAaPQ 801 2$bMiAaPQ 906 $aBOOK 912 $a9910794683803321 996 $aAmerica Recovered$93764808 997 $aUNINA LEADER 03137nam 22006614a 450 001 9910219990203321 005 20200520144314.0 010 $a1-282-45142-1 010 $a9786612451423 010 $a0-8330-3620-3 035 $a(CKB)111090529190278 035 $a(EBL)197469 035 $a(OCoLC)437057188 035 $a(SSID)ssj0000122708 035 $a(PQKBManifestationID)11157689 035 $a(PQKBTitleCode)TC0000122708 035 $a(PQKBWorkID)10129952 035 $a(PQKB)10420135 035 $a(Au-PeEL)EBL197469 035 $a(CaPaEBR)ebr10056108 035 $a(MiAaPQ)EBC197469 035 $a(oapen)doab114570 035 $a(EXLCZ)99111090529190278 100 $a20030602d2003 uy 0 101 0 $aeng 135 $aur|n|---||||| 181 $ctxt$2rdacontent 182 $cc$2rdacontent 183 $acr$2rdacarrier 200 10$aCivil democratic Islam $epartners, resources, and strategies /$fCheryl Benard 205 $a1st ed. 210 $aSanta Monica, CA $cRAND, National Security Research Division$d2003 215 $a1 online resource (xvi, 72 pages) 300 $a"Supported by the Smith Richardson Foundation." 300 $a"MR-1716-CMEPP"--P. 4 of cover. 311 08$a0-8330-3438-3 320 $aIncludes bibliographical references (p. 67-72). 327 $aCOVER; PREFACE; CONTENTS; TABLE; SUMMARY; ACKNOWLEDGMENTS; GLOSSARY; Chapter One - MAPPING THE ISSUES: AN INTRODUCTION TO THE RANGE OF THOUGHT IN CONTEMPORARY ISLAM; THE SETTING: SHARED PROBLEMS, DIFFERENT ANSWERS; POSITIONS ON KEY ISSUES; Chapter Two - FINDING PARTNERS FOR THE PROMOTIONOF DEMOCRATIC ISLAM: OPTIONS; THE SECULARISTS; THE FUNDAMENTALISTS; THE TRADITIONALISTS; THE MODERNISTS; Chapter Three - A PROPOSED STRATEGY; Appendix A - THE HADITH WARS; Appendix BHIJAB AS A CASE STUDY; Appendix C - STRATEGY IN DEPTH; Appendix D - CORRESPONDENCE ABOUT THE U.S. DEPARTMENT OF STATE'S PORTRAYAL OF ISLAM; BIBLIOGRAPHY 330 $aIn the face of Islam?s own internal struggles, it is not easy to see who we should support and how. This report provides detailed descriptions of subgroups, their stands on various issues, and what those stands may mean for the West. Since the outcomes can matter greatly to international community, that community might wish to influence them by providing support to appropriate actors. The author recommends a mixed approach of providing specific types of support to those who can influence the outcomes in desirable ways. 606 $aIslam and civil society 606 $aIslamic modernism 606 $aDemocracy$xReligious aspects$xIslam 606 $aIslam$xUniversality 606 $aIslam$y21st century 615 0$aIslam and civil society. 615 0$aIslamic modernism. 615 0$aDemocracy$xReligious aspects$xIslam. 615 0$aIslam$xUniversality. 615 0$aIslam 676 $a320.5/5/0917671 700 $aBenard$b Cheryl$f1953-$0973389 801 0$bMiAaPQ 801 1$bMiAaPQ 801 2$bMiAaPQ 906 $aBOOK 912 $a9910219990203321 996 $aCivil democratic Islam$92214488 997 $aUNINA